IKON-REVUE INTERNATIONALE DE FILMOLOGIE (N.057-1966) (Record n. 187536)

Dettagli MARC
000 -LEADER
fixed length control field 01036nas a2200277Ia 4500
001 - CONTROL NUMBER
control field R042/67633
003 - CONTROL NUMBER IDENTIFIER
control field IT-RoPAU
008 - FIXED-LENGTH DATA ELEMENTS--GENERAL INFORMATION
fixed length control field 151124c99999999xx |||||||||||| ||und||
040 ## - CATALOGING SOURCE
Original cataloging agency IT-RoPAU
040 ## - CATALOGING SOURCE
Transcribing agency IT-RoPAU
041 ## - LANGUAGE CODE
Language code of text/sound track or separate title INGLESE
100 ## - MAIN ENTRY--PERSONAL NAME
Personal name Ancona Leonardo
Miscellaneous information Codice Aut. SPICS: 9913
210 ## - ABBREVIATED TITLE
Abbreviated title IKON-REVUE INTERNATIONAL DE FILMOLOGIE
222 ## - KEY TITLE
Key title Ikon-Revue International De Filmologie
245 ## - TITLE STATEMENT
Title IKON-REVUE INTERNATIONALE DE FILMOLOGIE (N.057-1966)
Remainder of title Aggressivity Discharge Effect Through Films Causing Strong Emotional Stress
250 ## - EDITION STATEMENT
Edition statement 1a ed.
260 ## - PUBLICATION, DISTRIBUTION, ETC. (IMPRINT)
Place of publication, distribution, etc. MILANO
Name of publisher, distributor, etc. ISTITUTO AGOSTINO GEMELLI
Date of publication, distribution, etc. 1966
300 ## - PHYSICAL DESCRIPTION
Extent 21 p. [7-27]
362 ## - DATES OF PUBLICATION AND/OR SEQUENTIAL DESIGNATION
Dates of publication and/or sequential designation (N.057-1966)
501 ## - WITH NOTE
-- Paulus - SPICS - Società San Paolo EM (non-commercial uses only)
-- Copyright2015
500 ## - GENERAL NOTE
General note Effetti di Aggressività Tramite Film che Causano un Forte Stress Emozionale. Questionari della Ricerca.
650 ## - SUBJECT ADDED ENTRY--TOPICAL TERM
Topical term or geographic name as entry element CINEMA
Form subdivision PUBBLICAZIONE PERIODICA
700 ## - ADDED ENTRY--PERSONAL NAME
Personal name Bertini Mario
700 ## - ADDED ENTRY--PERSONAL NAME
Miscellaneous information Codice Aut. SPICS: 8959
942 ## - ADDED ENTRY ELEMENTS (KOHA)
Koha item type RIVISTA
Dati di copia
Withdrawn status Lost status Damaged status Not for loan Home library Current library Date acquired Total Checkouts Full call number Date last seen Price effective from Koha item type Public note
    Buone Condizioni Not For Loan SPICS-MEDIATECA SPICS-MEDIATECA 25/11/2015   R042/67633 25/11/2015 25/11/2015 RIVISTA Progr. Ins: 36728 / Copia rara: NO / date import: 25.11.2015 / By Epidotti, Trombetti, Vaglietti
CREDITS: SOCIETA' SAN PAOLO Via A.Severo, 58 - ROMA (RM) & PERIODICI SAN PAOLO SRL Via Giotto, 36 MILANO & CISF Via Giotto, 36 MILANO & EDIZIONI SAN PAOLO SRL,  Piazza Soncino, 5 CINISELLO BALSAMO (MI) -- ITALY